[Event "Forli op"]
[Site "Forli"]
[Date "1989.??.??"]
[Round "6"]
[White "Yermolinsky, Alex"]
[Black "Belotti, Bruno"]
[Result "0-1"]
[WhiteElo "2480"]
[BlackElo "2350"]

1.Nf3 Nf6 2.c4 g6 3.Nc3 Bg7 4.e4 d6 5.d4 O-O 6.Be2 e5 7.O-O Nc6 8.d5 Ne7
9.Bd2 Nh5 10.g3 f5 11.Ng5 Nf6 12.exf5 Nxf5 13.Bd3 c6 14.Nce4 Kh8 15.Nxf6 Bxf6
16.Ne4 Bg7 17.Bc3 cxd5 18.cxd5 Qb6 19.Qb3 Qd8 20.a4 a5 21.Rfd1 Nd4 22.Bxd4 exd4
23.f4 h6 24.Re1 Bf5 25.Nf2 g5 26.Bxf5 Rxf5 27.Nd3 Qg8 28.Re6 gxf4 29.Nxf4 Bf6
30.Rf1 Rf8 31.Qd3 Rg5 32.Rxd6  0-1

[Event "FRA-chT"]
[Site "?"]
[Date "1989.??.??"]
[Round "?"]
[White "Gouret, Thierry"]
[Black "Gueneau, Christophe"]
[Result "1-0"]
[WhiteElo "2190"]
[BlackElo "2260"]

1.d4 d6 2.Nf3 g6 3.c4 Bg7 4.Nc3 Nf6 5.e4 O-O 6.Be2 e5 7.O-O Nc6 8.d5 Ne7
9.Ne1 Nd7 10.Nd3 f5 11.Bd2 Nf6 12.f3 f4 13.g4 fxg3 14.hxg3 c6 15.Be3 b5 16.Nb4 bxc4
17.Nxc6 Nxc6 18.dxc6 Be6 19.Qa4 Kh8 20.Bxc4 Bh3 21.Rf2 Nh5 22.Kh2 Bc8 23.Rh1 Rf4
24.c7 Qf8 25.Kg2 Bb7 26.gxf4 exf4 27.Bxa7 Qf6 28.Rxh5 gxh5 29.Bd5 Qg5+ 30.Kf1 Bxd5
31.Nxd5 Be5 32.Qd7 Qg8 33.Bb8 Rxb8 34.cxb8=Q Qxb8 35.Rc2 Qb5+ 36.Qxb5  1-0

[Event "FRA-chT"]
[Site "?"]
[Date "1989.??.??"]
[Round "?"]
[White "Pinter, Jozsef"]
[Black "Bremond, Eric"]
[Result "1-0"]
[WhiteElo "2550"]
[BlackElo "2345"]

1.d4 Nf6 2.c4 g6 3.Nc3 Bg7 4.e4 d6 5.Be2 O-O 6.Nf3 e5 7.O-O Nc6 8.d5 Ne7
9.Ne1 Nd7 10.f3 f5 11.g4 Kh8 12.Be3 Ng8 13.Ng2 Bh6 14.Bxh6 Nxh6 15.Qd2 Nf7
16.h4 Nf6 17.exf5 gxf5 18.g5 Nh5 19.f4 Ng3 20.Rf3 Ne4 21.Nxe4 fxe4 22.Rf2 Bf5
23.fxe5 Nxe5 24.Raf1 Qe7 25.Rxf5 Nf3+ 26.R1xf3 exf3 27.Qc3+ Kg8 28.Rxf8+ Rxf8
29.Bxf3 Rf5 30.Bg4 Re5 31.Be6+ Kf8 32.Ne3 h5 33.Nf5 Qh7 34.Qf3 Ke8 35.Qxh5+ Qxh5
36.Ng7+  1-0

[Event "FRA-chT"]
[Site "?"]
[Date "1989.??.??"]
[Round "?"]
[White "Garrido, D."]
[Black "Boulanger, Thierry"]
[Result "0-1"]
[WhiteElo "2030"]
[BlackElo "1980"]

1.Nf3 Nf6 2.c4 g6 3.Nc3 Bg7 4.e4 d6 5.d4 O-O 6.Be2 e5 7.O-O Nc6 8.d5 Ne7
9.b4 Nd7 10.c5 dxc5 11.bxc5 Nxc5 12.Ba3 b6 13.Ne1 Nb7 14.Qb3 Re8 15.Rd1 a6
16.Nc2 Nd6 17.Ne3 Bb7 18.Nc4 Nec8 19.Ne3 h5 20.g3 Qd7 21.Ng2 Na7 22.Bxd6 Qxd6
23.Ne3 Bf8 24.Nc4 Qb4 25.Qc2 Nb5 26.Nb1 Nd4 27.Qd3 b5 28.Ne3 Nxe2+ 29.Qxe2 Qxe4
30.Nd2 Qb4 31.g4 hxg4 32.Nxg4 Bg7 33.Ne4 Red8 34.Qe3 Qe7 35.Qb3 Qh4 36.f3 Bc8
37.Ng3 e4 38.Nxe4 Bxg4 39.fxg4 Qxg4+ 40.Ng3 Rd6 41.Rde1 Bd4+ 42.Kg2 Qg5  0-1

[Event "Peer Gynt"]
[Site "Gausdal"]
[Date "1989.??.??"]
[Round "?"]
[White "Plachetka, Jan"]
[Black "Fransson, Peter"]
[Result "0-1"]
[WhiteElo "2430"]
[BlackElo "2255"]

1.Nf3 Nf6 2.c4 g6 3.Nc3 Bg7 4.e4 d6 5.d4 O-O 6.Be2 e5 7.O-O Nc6 8.d5 Ne7
9.Bd2 Nh5 10.g3 f5 11.Ng5 Nf6 12.f3 c6 13.Qb3 h6 14.Ne6 Bxe6 15.dxe6 Qc8
16.Rad1 Qxe6 17.Bc1 Rf7 18.Qxb7 Raf8 19.Qxa7 c5 20.Qb6 f4 21.g4 Nc8 22.Qc6 Kh8
23.Kg2 Nd7 24.Nb5 Nb8 25.Qd5 Qe8 26.Nxd6 Nxd6 27.Qxd6 Nc6 28.Qxg6 Nd4 29.Bd3 Rg8
30.b4 Bf8 31.Qb6 h5 32.Kh1 hxg4 33.fxg4 Qd7 34.Rg1 Rxg4 35.Bb2 Nf3 36.Be2 Rxg1+
37.Rxg1 Nxg1 38.Kxg1 Rg7+ 39.Kf2 Qe7 40.Qh6+ Kg8 41.Qh5 Rg5 42.Qh3 cxb4 43.Ke1 Qc5
44.Kd1 Qc6 45.Qd3 Qd6 46.Kc2 Qxd3+ 47.Kxd3 Bc5 48.Bf3 Kf7 49.h4 Rg3 50.Ke2 Kf6
51.h5 Rh3  0-1

[Event "Dreszer op"]
[Site "Gdynia"]
[Date "1989.??.??"]
[Round "6"]
[White "Sarwinski, Miroslaw"]
[Black "Timoshenko, Georgy"]
[Result "0-1"]
[WhiteElo "2395"]
[BlackElo "2530"]

1.d4 Nf6 2.c4 g6 3.Nc3 Bg7 4.e4 d6 5.Nf3 O-O 6.Be2 e5 7.O-O Nc6 8.d5 Ne7
9.b4 Nh5 10.g3 f5 11.Ng5 Nf6 12.f3 c6 13.Be3 f4 14.Bf2 fxg3 15.hxg3 Ne8 16.Qd2 h6
17.Ne6 Bxe6 18.dxe6 Qc8 19.c5 Qxe6 20.Rad1 Rd8 21.cxd6 Nxd6 22.Qc2 b6 23.Kg2 Nf7
24.Rxd8 Rxd8 25.Rd1 Kf8 26.a4 Rxd1 27.Nxd1 Qd6 28.Qc3 Nd8 29.a5 Nc8 30.axb6 axb6
31.Nb2 Qc7 32.Bc4 Ke7 33.Ba2 Ne6 34.Qb3 Qd7 35.Na4 Ng5 36.g4 h5 37.Qg8 Kf6
38.Be3 hxg4 39.f4 exf4 40.Bxf4 g3 41.e5+ Kf5 42.Bc1 Bxe5 43.Qf8+ Bf6 44.Nc3 Ne6
45.Bb1+ Ke5 46.Qh6 Qd4 47.Ne4 Nd6 48.Nxg3 Nf5 49.Bxf5 gxf5 50.Nh5 Bg5 51.Bxg5 Qg4+
52.Ng3 Qxg5 53.Qh8+ Kd5 54.Kf3 Qg4+ 55.Kf2 Qd4+ 56.Qxd4+ Nxd4 57.Ke3 Kc4
58.Nh5 Ne6  0-1

[Event "Geneve YM"]
[Site "Geneve"]
[Date "1989.??.??"]
[Round "?"]
[White "Maric, Alisa"]
[Black "Chabanon, Jean Luc"]
[Result "0-1"]
[WhiteElo "2355"]
[BlackElo "2250"]

1.Nf3 Nf6 2.c4 g6 3.Nc3 Bg7 4.e4 O-O 5.d4 d6 6.Be2 e5 7.O-O Nc6 8.Be3 Re8
9.dxe5 dxe5 10.Qxd8 Nxd8 11.Nb5 Ne6 12.Ng5 Re7 13.Rfd1 b6 14.a4 a6 15.Nxe6 Bxe6
16.Nc3 Rd7 17.Rxd7 Nxd7 18.Nd5 Bxd5 19.cxd5 Bf8 20.Rc1 Bd6 21.b4 f5 22.exf5 gxf5
23.f3 f4 24.Bf2 a5 25.Bb5 Nb8 26.bxa5 Rxa5 27.g3 Ra7 28.gxf4 exf4 29.Re1 Na6
30.Re8+ Kf7 31.Rh8 Nc5 32.Be8+ Kf6 33.Rxh7 Nd3 34.Bd4+ Be5 35.Bxe5+ Kxe5
36.Bc6 Nb4 37.h4 Nxc6 38.dxc6 Kd6 39.Rh6+ Kc5 40.h5 Rxa4 41.Rg6 Ra8 42.h6 b5
43.h7 Rh8 44.Rg7 Kxc6 45.Kf2 Kd6 46.Ke2 c6 47.Kd3 Kc5 48.Kc3 Kd5 49.Rg5+ Kd6
50.Rg6+ Kc5 51.Rg5+ Kb6 52.Rg7 c5 53.Kb3 Kc6 54.Kc3 b4+ 55.Kc4 Kd6 56.Rg6+ Ke5
57.Rg5+ Kf6 58.Rxc5 Rxh7 59.Kxb4 Rh3 60.Rc3 Kg5 61.Kc4 Kh4 62.Kd4 Kg3 63.Ke4 Rh8
64.Rc4 Re8+ 65.Kf5 Rf8+ 66.Ke4 Re8+ 67.Kf5 Ra8 68.Ke4 Ra3 69.Rc6 Ra4+ 70.Kf5 Kxf3
71.Rc3+ Kf2 72.Rc2+ Kg3  0-1

[Event "Geneve YM"]
[Site "Geneve"]
[Date "1989.??.??"]
[Round "?"]
[White "Karolyi, Tibor Jr"]
[Black "Toshkov, Tihomir"]
[Result "1/2-1/2"]
[WhiteElo "2430"]
[BlackElo "2450"]

1.d4 Nf6 2.c4 g6 3.Nc3 Bg7 4.e4 d6 5.Nf3 O-O 6.Be2 e5 7.O-O Nc6 8.d5 Ne7
9.Ne1 Nd7 10.Be3 f5 11.f3 Kh8 12.b4 Nf6 13.c5 Rf7 14.Nd3 Neg8 15.a4 Ne8 16.a5 Bh6
17.Bf2 Ngf6 18.Nb2 Nh5 19.g3 fxe4 20.fxe4 Nef6 21.Nc4 Bh3 22.Qd3 Bxf1 23.Rxf1 a6
24.Kg2 Ng7 25.Bg1 Qe7 26.Rb1 Nge8 27.Bd1 Rd8 28.Qe2 Nd7 29.Ba4 Nef6 30.c6 bxc6
31.Bxc6 Rdf8  1/2-1/2

[Event "Geneve YM"]
[Site "Geneve"]
[Date "1989.??.??"]
[Round "?"]
[White "Chabanon, Jean Luc"]
[Black "Ruf, Matthias"]
[Result "1/2-1/2"]
[WhiteElo "2250"]
[BlackElo "2330"]

1.d4 Nf6 2.c4 g6 3.Nc3 Bg7 4.e4 d6 5.Nf3 O-O 6.Be2 e5 7.O-O Nc6 8.d5 Ne7
9.Ne1 Nd7 10.Nd3 f5 11.Bd2 Nf6 12.f3 f4 13.g4 h5 14.g5 Nh7 15.h4 Nxg5 16.hxg5 Nf5
17.Rf2 Qxg5+ 18.Rg2 Ng3 19.Nf2 Rf7  1/2-1/2

[Event "BL2-W8889"]
[Site "Germany"]
[Date "1989.??.??"]
[Round "?"]
[White "Dermann, Guido"]
[Black "Rosen, Willy"]
[Result "1-0"]
[WhiteElo "2330"]
[BlackElo "2265"]

1.d4 Nf6 2.c4 g6 3.Nc3 Bg7 4.e4 d6 5.Be2 O-O 6.Nf3 e5 7.O-O Nc6 8.d5 Ne7
9.Ne1 Nd7 10.Be3 f5 11.f3 f4 12.Bf2 g5 13.Nb5 Nf6 14.Nxa7 Bd7 15.c5 Rxa7
16.cxd6 Nc8 17.Bxa7 Nxa7 18.Qb3 b5 19.dxc7 Qc8 20.Nd3 Ne8 21.Rac1 Kh8 22.Kh1 Qb7
23.Nc5 Qxc7 24.Ne6 Qb6 25.Nxf8 Bxf8 26.a4 b4 27.Qc2 Bd6 28.b3 Nf6 29.Qd3 Bc8
30.Rc2 Nd7 31.Rfc1 Nc5 32.Qd1 Bb7 33.Qg1 Nd7 34.Qxb6 Nxb6 35.a5  1-0

[Event "BL2-SW8889"]
[Site "Germany"]
[Date "1989.??.??"]
[Round "?"]
[White "Kabisch, Thilo"]
[Black "Friedrich, Norbert"]
[Result "1-0"]
[WhiteElo "2285"]
[BlackElo "2325"]

1.d4 Nf6 2.c4 g6 3.Nc3 Bg7 4.e4 d6 5.Be2 O-O 6.Nf3 e5 7.O-O Nc6 8.d5 Ne7
9.Ne1 Nd7 10.f3 f5 11.g4 Kh8 12.Be3 Ng8 13.Qd2 Ngf6 14.h3 a5 15.Nd3 b6 16.Qc2 Nc5
17.Nf2 Bd7 18.Kg2 Qe7 19.Rh1 Rf7 20.Rag1 Raf8 21.Kf1 Ne8 22.Rh2 Qh4 23.gxf5 gxf5
24.Bg5 Qh5 25.f4 Qg6 26.h4 h6 27.Qd1 fxe4 28.Be7 Qh7 29.Bxf8 Rxf8 30.f5 Bxf5
31.Qd2 Nd3 32.Ncd1 Nf6 33.Ne3 Bd7 34.Rhg2 Bh3 35.Nxh3 Ng4+ 36.Nf2 Ngxf2 37.Bxd3 Nxd3+
38.Ke2 Nf4+ 39.Kd1 Nxg2 40.Qxg2 Rf7 41.Qg4 Rf8 42.Qe6 Rf3 43.Ke2 Rf6 44.Qd7 Qg8
45.Qxc7 Qf7 46.Qc8+ Kh7 47.Rg2 h5 48.Nd1 Bh6 49.Nf2 Rf3 50.Qe6 e3 51.Ne4 Rf1
52.Qxf7+ Rxf7 53.Nxd6 Rf6 54.Nc8 Rf8 55.Nd6 Bf4 56.b3 Rf6 57.Ne4 Rf8 58.Kd3 Rf7
59.Rg5 Kh6 60.Rg8 Rd7  1-0

[Event "Groningen"]
[Site "Groningen"]
[Date "1989.??.??"]
[Round "?"]
[White "Piket, Jeroen"]
[Black "Spasov, Vasil"]
[Result "1/2-1/2"]
[WhiteElo "2540"]
[BlackElo "2430"]

1.d4 Nf6 2.c4 g6 3.Nc3 Bg7 4.e4 O-O 5.Nf3 d6 6.Be2 e5 7.O-O Nc6 8.d5 Ne7
9.Ne1 Nd7 10.Be3 f5 11.f3 h5 12.b4 f4 13.Bf2 Nf6 14.c5 g5 15.Rc1 Ng6 16.cxd6 cxd6
17.Nb5 Rf7 18.Nxa7 Bd7 19.a4 g4 20.a5 g3 21.Bb6 gxh2+ 22.Kh1 Qe8 23.Nd3 h4
24.Nf2 Nh5 25.Kxh2 Ng3 26.Rg1 h3 27.gxh3 Bf6 28.Qd3 Nh4 29.Rc7 Qb8 30.Nc6 bxc6
31.dxc6 Be6 32.Qxd6 Qe8 33.Rxf7 Kxf7 34.Bd1 Qe7 35.Qxe7+ Bxe7 36.Nd3 Bd6
37.c7 Rc8 38.Nc5 Bc4 39.Rxg3 fxg3+ 40.Kxg3 Ng6 41.Ba4 Bxc5 42.Bxc5 Rxc7 43.h4 Kf6
44.h5 Nf4 45.h6 Ne6 46.Bd6 Rh7 47.b5 Rxh6 48.a6 Rh7 49.Bb8 Nc7 50.a7 Rg7+
51.Kf2 Na8 52.b6 Ba6 53.f4 exf4 54.e5+ Kf5 55.Bc2+ Kg4 56.Bd1+ Kg5 57.Bc7 Bb7
58.Bf3 Bxf3  1/2-1/2

[Event "Groningen op"]
[Site "Groningen"]
[Date "1989.??.??"]
[Round "5"]
[White "Legky, Nikolay A"]
[Black "Mestel, A Jonathan"]
[Result "1-0"]
[WhiteElo "2420"]
[BlackElo "2520"]

1.d4 Nf6 2.c4 g6 3.Nc3 Bg7 4.e4 d6 5.Be2 O-O 6.Nf3 e5 7.O-O Nc6 8.d5 Ne7
9.Bg5 Nh5 10.g3 h6 11.Bd2 Bh3 12.Re1 f5 13.Nh4 Nf6 14.exf5 gxf5 15.Qc1 f4
16.gxf4 Nd7 17.Kh1 Nxd5 18.Ng6 Nxc3 19.Qxc3 Rf6 20.Qxh3 Rxg6 21.Rg1 Nf8 22.Rxg6 Nxg6
23.Qe6+ Kh7 24.Bd3 Qf6 25.Qg4 Re8 26.f3 e4 27.Bxe4 Rxe4 28.fxe4 Qd4 29.Qg2 Nh4
30.Bc3 Nxg2 31.Bxd4 Nxf4 32.Bxg7 Kxg7 33.Rf1 Nd3 34.Kg2 a5 35.b3 b6 36.Kf3 Nb4
37.e5 dxe5 38.Ke4 Nxa2 39.Kxe5 Nb4 40.Ke6  1-0

[Event "Groningen op"]
[Site "Groningen"]
[Date "1989.??.??"]
[Round "7"]
[White "Gupta, Milon"]
[Black "Joecks, Christian"]
[Result "1/2-1/2"]
[WhiteElo "2260"]
[BlackElo "2310"]

1.d4 Nf6 2.c4 g6 3.Nc3 Bg7 4.e4 d6 5.Nf3 O-O 6.Be2 e5 7.O-O Nc6 8.d5 Ne7
9.Nd2 c5 10.Rb1 Ne8 11.b4 b6 12.bxc5 dxc5 13.a4 Nd6 14.a5 Bd7 15.axb6 axb6
16.Qb3 Nec8 17.Bb2 Bh6 18.Qc2 f5 19.Bd3 Qe7 20.Rbe1 Bxd2 21.Qxd2 f4 22.f3 h5
23.Be2 g5 24.h3 Kh7 25.Ra1 Rb8 26.Nd1 Rg8 27.Qc3 Nf7 28.Nf2 Ncd6 29.Ra7 Rbe8
30.Rfa1 Nc8 31.R7a6 Rg6 32.R1a3 Reg8 33.Ba1 Qf8 34.Qb2 Qh6 35.Rb3 Re8 36.Ra8  1/2-1/2

[Event "Groningen op"]
[Site "Groningen"]
[Date "1989.??.??"]
[Round "8"]
[White "Heemskerk, Wim"]
[Black "Pieterse, Gert"]
[Result "0-1"]
[WhiteElo "2300"]
[BlackElo "2415"]

1.Nf3 Nf6 2.c4 g6 3.Nc3 Bg7 4.d4 d6 5.e4 O-O 6.Be2 e5 7.O-O Nc6 8.d5 Ne7
9.Ne1 Nd7 10.f3 f5 11.g4 Kh8 12.Nd3 Ng8 13.Be3 Bh6 14.Bf2 Qe7 15.h3 Bg5 16.Qe1 Rf7
17.Kg2 h5 18.Rh1 Bf6 19.Nb5 c5 20.dxc6 bxc6 21.Nxa7 Bb7 22.Qb4 Nf8 23.c5 d5
24.Qb6 fxe4 25.fxe4 Qe6 26.Nxc6 Bxc6 27.Nb4 Ne7 28.Rhd1 d4 29.Nxc6 Qxc6 30.Qxc6 Nxc6
31.a3 Ne6 32.Bc4 Nf4+ 33.Kg3 Rb7 34.b4 Rba7 35.b5 Rxa3+ 36.Rxa3 Rxa3+ 37.Kh2 Rc3
38.Bf1 Nb4 39.Rb1 d3 40.Be3 Rc2+ 41.Kg3 Be7 42.c6 Ne2+ 43.Kf3 Nd4+ 44.Bxd4 exd4
45.Rd1 hxg4+ 46.hxg4 d2 47.Be2 d3 48.Rh1+ Kg7 49.Bd1 Rc5 50.Ke3 Rxb5 51.Kxd2 Rc5  0-1

[Event "Groningen op"]
[Site "Groningen"]
[Date "1989.??.??"]
[Round "9"]
[White "Stohl, Igor"]
[Black "Nijboer, Friso"]
[Result "0-1"]
[WhiteElo "2455"]
[BlackElo "2445"]

1.d4 Nf6 2.c4 g6 3.Nc3 Bg7 4.e4 d6 5.Be2 O-O 6.Nf3 e5 7.O-O Nc6 8.d5 Ne7
9.Nd2 c5 10.dxc6 bxc6 11.b4 d5 12.Ba3 Re8 13.Re1 Rb8 14.Bf3 Be6 15.Rc1 dxc4
16.Qc2 a5 17.Rb1 Qd6 18.Red1 axb4 19.Nxc4 Qc5 20.Nd6 Red8  0-1

[Event "Guernsey op"]
[Site "Guernsey"]
[Date "1989.??.??"]
[Round "?"]
[White "Flear, Glenn C"]
[Black "Webster, Andrew"]
[Result "1/2-1/2"]
[WhiteElo "2435"]
[BlackElo "2235"]

1.d4 Nf6 2.c4 g6 3.Nc3 Bg7 4.e4 d6 5.Be2 O-O 6.Nf3 e5 7.O-O Nc6 8.d5 Ne7
9.Nd2 c5 10.Rb1 Ne8 11.b4 b6 12.bxc5 bxc5 13.Nb3 f5 14.Bg5 Kh8 15.exf5 gxf5
16.Nxc5 dxc5 17.d6 Nxd6 18.Nd5 Re8 19.Nxe7 Rxe7 20.Qd5 Bb7 21.Rxb7 Nxb7 22.Qxd8+ Rxd8
23.Bxe7 Rd7 24.Bg5 e4 25.Rb1 Bd4 26.h4 Kg7 27.Kf1 Bf6 28.Bxf6+ Kxf6 29.g4 h6
30.gxf5 Kxf5 31.Ke1 Kf4 32.Rb2 Rg7 33.Rb5 Ke5 34.Kf1 Kd4 35.Rb1 Na5 36.Rd1+ Kc3
37.Rd5 Rc7 38.Rd1  1/2-1/2

[Event "EU-chT"]
[Site "Haifa"]
[Date "1989.??.??"]
[Round "2"]
[White "Haugli, Petter"]
[Black "Wahls, Matthias"]
[Result "0-1"]
[WhiteElo "2365"]
[BlackElo "2535"]

1.d4 Nf6 2.c4 g6 3.Nc3 Bg7 4.e4 d6 5.Nf3 O-O 6.Be2 e5 7.O-O Nc6 8.Be3 Re8
9.dxe5 dxe5 10.Qxd8 Nxd8 11.Nb5 Ne6 12.Ng5 Re7 13.Rfd1 c6 14.Nxe6 Bxe6 15.Nc3 b6
16.f3 Rb7 17.b3 Bf8 18.Rac1 Nd7 19.Na4 f5 20.exf5 gxf5 21.f4 e4 22.Bd4 a6
23.Rc3 Kf7 24.Rh3 h6 25.Bh5+ Ke7 26.c5 b5 27.Nb6 Rd8 28.Bf2 Nf6 29.Rxd8 Kxd8
30.Be2 a5 31.Rc3 Nd7 32.Nxd7 Rxd7 33.Rc2 Bg7 34.Be3 b4 35.Kf2 Bc3 36.Bc1 Ke8
37.g3 a4 38.bxa4 Ra7 39.Bh5+ Ke7 40.Bd1 Bc4 41.Bb2 Bd3 42.Rxc3 bxc3 43.Bxc3 Bc4
44.a3 Rd7 45.Bc2 Bb3 46.Bxb3 Rd3 47.Bg7 Rxb3 48.Bxh6 Rf3+ 49.Kg2 Rxa3 50.h3 Ra2+
51.Kf1 Ke6 52.g4 e3  0-1

[Event "EU-chT"]
[Site "Haifa"]
[Date "1989.??.??"]
[Round "3"]
[White "Gelfand, Boris"]
[Black "Grivas, Efstratios"]
[Result "1/2-1/2"]
[WhiteElo "2590"]
[BlackElo "2445"]

1.d4 Nf6 2.c4 g6 3.Nc3 Bg7 4.e4 d6 5.Be2 O-O 6.Nf3 e5 7.O-O Nc6 8.d5 Ne7
9.Bg5 Nd7 10.Nd2 f5 11.exf5 gxf5 12.f4 Nf6 13.Bh5 e4 14.Nb3 c5 15.dxc6 bxc6
16.Kh1 d5 17.Be2 Kh8 18.Bh4 Ng6 19.Bf2 Nxf4 20.Bc5 Nxe2 21.Bxf8 Ng3+ 22.hxg3 Qxf8
23.cxd5 cxd5 24.Nxd5 Ng4 25.Qd2 Ba6 26.Qg5 Bxf1 27.Rxf1 e3 28.Nc1 Bh6 29.Qh4 Re8
30.Ne2 Re4 31.Kg1 Nf2 32.Qf6+ Qxf6 33.Nxf6 Rc4 34.Rc1 Rxc1+ 35.Nxc1 Bg7 36.Nd5 Bxb2
37.Nxe3 Ne4 38.Ne2 Nd6 39.Kf2 Kg7 40.Kf3 Kf6  1/2-1/2

[Event "EU-chT"]
[Site "Haifa"]
[Date "1989.??.??"]
[Round "3"]
[White "Wessman, Richard"]
[Black "Andruet, Gilles"]
[Result "1/2-1/2"]
[WhiteElo "2370"]
[BlackElo "2360"]

1.d4 Nf6 2.c4 g6 3.Nc3 Bg7 4.e4 d6 5.Nf3 O-O 6.Be2 e5 7.O-O Nc6 8.d5 Ne7
9.Ne1 Nd7 10.Nd3 f5 11.Bd2 Nf6 12.f3 Kh8 13.Rc1 c6 14.Kh1 Neg8 15.dxc6 bxc6
16.c5 d5 17.exf5 e4 18.fxe4 dxe4 19.Ne5 Qe8 20.Nc4 gxf5 21.Bf4 Be6 22.Bd6 Nd5
23.Bxf8 Qxf8 24.Nxe4 Qe7 25.Ned6 Nh6 26.Bd3 f4 27.Qe2 Ng4 28.h3 Rf8 29.Rce1 Nde3
30.Nxe3 Nxe3 31.Rxf4 Rxf4 32.Qxe3 Rf6 33.Bf5 Bh6 34.Qe2 Bf4 35.Bxe6 Bg3 36.Nf7+ Kg7
37.Qg4+ Rg6 38.Qd4+ Qf6 39.Qd7 Bxe1 40.Ne5+ Kh6 41.Nf7+ Kg7 42.Ne5+ Kh6 43.Nxg6 Qf1+
44.Kh2 Bf2 45.Qd2+ Kxg6  1/2-1/2

[Event "EU-chT"]
[Site "Haifa"]
[Date "1989.??.??"]
[Round "4"]
[White "Pinter, Jozsef"]
[Black "Sznapik, Aleksander"]
[Result "1-0"]
[WhiteElo "2560"]
[BlackElo "2450"]

1.d4 Nf6 2.c4 g6 3.Nc3 Bg7 4.e4 d6 5.Be2 O-O 6.Nf3 e5 7.O-O Nc6 8.d5 Ne7
9.Nd2 a5 10.a3 Nd7 11.Rb1 f5 12.b4 Kh8 13.Qc2 Ng8 14.Bb2 Ngf6 15.Rbd1 Ne8
16.exf5 gxf5 17.Kh1 Qh4 18.g3 Qh3 19.Nf3 Qh6 20.Bc1 f4 21.g4 axb4 22.axb4 e4
23.Nxe4 Ne5 24.Nxe5 Bxe5 25.f3 Ng7 26.Bb2 Ra2 27.Nc3 Rxb2 28.Qxb2 Qf6 29.Rc1 h5
30.Qd2 Qh4 31.Ne4 b5 32.Nf2  1-0

[Event "EU-chT"]
[Site "Haifa"]
[Date "1989.??.??"]
[Round "5"]
[White "Haugli, Petter"]
[Black "Badea, Bela"]
[Result "0-1"]
[WhiteElo "2365"]
[BlackElo "2505"]

1.d4 Nf6 2.c4 g6 3.Nc3 Bg7 4.e4 d6 5.Nf3 O-O 6.Be2 e5 7.O-O Nc6 8.d5 Ne7
9.Ne1 Nd7 10.Nd3 f5 11.f3 f4 12.Bd2 g5 13.g4 h5 14.h3 Rf7 15.b4 Nf6 16.c5 Ng6
17.cxd6 cxd6 18.Be1 Bf8 19.a4 Rh7 20.a5 Bd7 21.Bf2 Rh6 22.Kg2 Qe7 23.Rh1 Qh7
24.Rc1 Be7 25.Nb2 Rf8 26.Qf1 Kg7 27.Bb5 Bc8 28.Bd3 Rh8 29.Qg1 hxg4 30.hxg4 Rh3
31.Be2 Nxg4 32.fxg4 f3+ 33.Bxf3 Bxg4 34.Bxg4 Nf4+ 35.Kf1 Rxh1  0-1

[Event "EU-chT"]
[Site "Haifa"]
[Date "1989.??.??"]
[Round "9"]
[White "Polugaevsky, Lev"]
[Black "Georgiev, Krum"]
[Result "1/2-1/2"]
[WhiteElo "2595"]
[BlackElo "2480"]

1.d4 Nf6 2.c4 g6 3.Nc3 Bg7 4.e4 d6 5.Be2 O-O 6.Nf3 e5 7.O-O Nc6 8.d5 Ne7
9.Nd2 c5 10.Rb1 Ne8 11.b4 b6 12.bxc5 bxc5 13.Nb3 f5 14.Bg5 Kh8 15.exf5 gxf5
16.f4 Rg8 17.Qe1 Qd7 18.Bh5 Ba6 19.Qh4 e4 20.Nxe4 fxe4 21.Bxe7 Bxc4 22.f5 Bxf1
23.Rxf1 c4 24.Nc1 Qb7 25.Ne2 Be5 26.f6 Nc7 27.f7 Nxd5 28.fxg8=Q+ Rxg8 29.Bg5 Qg7
30.Rf5 Ne3 31.Rxe5 Nxg2 32.Qf2 Nf4 33.Nxf4 Qxe5 34.h4 e3 35.Qf3 h6 36.Bf7 e2
37.Nxe2 Rg7 38.Bd5 hxg5 39.h5 g4 40.Qf8+ Kh7 41.Nf4 g3 42.Kg2 Qb2+ 43.Kf3 Qf2+
44.Ke4 Qc2+ 45.Kf3 g2 46.Be4+ Qxe4+ 47.Kxe4 g1=Q 48.Qf5+ Kh6 49.Qf6+ Kh7
50.Qf5+ Kh8 51.Qf8+ Kh7 52.Qf5+  1/2-1/2

[Event "Haninge"]
[Site "Haninge"]
[Date "1989.??.??"]
[Round "?"]
[White "Wilder, Michael"]
[Black "Hellers, Ferdinand"]
[Result "1-0"]
[WhiteElo "2540"]
[BlackElo "2565"]

1.d4 Nf6 2.c4 g6 3.Nc3 Bg7 4.e4 d6 5.Nf3 O-O 6.Be2 e5 7.O-O Nc6 8.d5 Ne7
9.Ne1 Nd7 10.Nd3 f5 11.Bd2 Nf6 12.f3 f4 13.g4 fxg3 14.hxg3 c6 15.Kg2 b5 16.b3 a5
17.Rh1 bxc4 18.bxc4 Ba6 19.Nf2 Rb8 20.Rc1 Qb6 21.Rc2 Rfc8 22.Bg5 cxd5 23.Bxf6 Bxf6
24.Nxd5 Nxd5 25.Qxd5+ Kf8 26.c5 Rxc5 27.Rxc5 dxc5 28.Bxa6 Qxa6 29.Rxh7  1-0

[Event "Helsinki"]
[Site "Helsinki"]
[Date "1989.??.??"]
[Round "1"]
[White "Kanko, Ilkka"]
[Black "Hazai, Laszlo"]
[Result "0-1"]
[WhiteElo "2315"]
[BlackElo "2460"]

1.d4 Nf6 2.c4 g6 3.Nc3 Bg7 4.e4 d6 5.Be2 O-O 6.Nf3 e5 7.O-O Nc6 8.d5 Ne7
9.Kh1 Kh8 10.Ng1 Nd7 11.g4 f5 12.f3 Ng8 13.Be3 Bh6 14.Bf2 a5 15.a3 Nc5 16.b4 axb4
17.axb4 Rxa1 18.Qxa1 Nb3 19.Qb2 Nd2 20.Rd1 fxe4 21.Rxd2 e3 22.Bxe3 Bxe3 23.Rd3 Bf4
24.Nh3 Qh4 25.Bf1 h5 26.Qf2 Qe7 27.gxh5 g5 28.Qg2 Nh6 29.Ne4 g4 30.fxg4 Nxg4
31.Rf3 Bf5 32.Nxf4 exf4 33.Bd3 Ne5 34.Qb2 Kh7  0-1

[Event "NLD-ch"]
[Site "Hilversum"]
[Date "1989.??.??"]
[Round "3"]
[White "Douven, Rudy C"]
[Black "Nijboer, Friso"]
[Result "1-0"]
[WhiteElo "2445"]
[BlackElo "2445"]

1.d4 Nf6 2.c4 g6 3.Nc3 Bg7 4.e4 d6 5.Nf3 O-O 6.Be2 e5 7.O-O Nc6 8.d5 Ne7
9.Ne1 Nd7 10.Nd3 f5 11.Bd2 c5 12.f4 a6 13.a4 exf4 14.Nxf4 Bd4+ 15.Kh1 Nf6
16.exf5 Nxf5 17.Bf3 Ng7 18.Re1 Nfh5 19.Nxh5 gxh5 20.Ne4 Bf5 21.Bf4 Bg6 22.Qd2 Qb6
23.Re2 Rae8 24.Rae1 Qb3 25.h3 Bxb2 26.Rb1 Qxc4 27.Bxd6 Rxf3 28.gxf3 Bd4 29.Rc1 Qb3
30.Ng5 h6 31.Rxe8+ Nxe8 32.Bxc5 Bxc5 33.Rxc5 hxg5 34.Rc3 Qb4 35.Kg2 Kf8 36.d6 Qxd6
37.Qxg5 Qf6 38.Qh6+ Qg7 39.Qxg7+ Kxg7 40.Rb3 Kf6 41.Rxb7 Bd3 42.Rd7 Bc2 43.Ra7 Bd3
44.Kg3 Kg5 45.h4+ Kf6 46.Rd7 Bc2 47.a5 Ba4 48.Rd5 Bb5 49.Rxh5 Nd6 50.Rh6+ Ke7
51.Rg6 Bd3 52.Rg5 Nf5+ 53.Kg4 Kf6 54.h5 Ng7 55.Rc5 Bf5+ 56.Kh4 Be6 57.Kg3 Bd7
58.Rc7 Bb5 59.Kg4 Nf5 60.Rc5 Ng7 61.Rxb5 axb5 62.a6 Ne8 63.a7 Nc7 64.Kf4 b4
65.Ke3 Kg5 66.Kd2 Kxh5 67.Kc2 Kg5 68.Kb3 Kf5 69.Kxb4 Ke6 70.Kc5 Kd7  1-0

[Event "NLD-ch"]
[Site "Hilversum"]
[Date "1989.??.??"]
[Round "7"]
[White "Piket, Jeroen"]
[Black "Nijboer, Friso"]
[Result "1-0"]
[WhiteElo "2500"]
[BlackElo "2445"]

1.d4 Nf6 2.Nf3 g6 3.c4 Bg7 4.Nc3 O-O 5.e4 d6 6.Be2 e5 7.O-O Nc6 8.d5 Ne7
9.Ne1 Nd7 10.Be3 f5 11.f3 f4 12.Bf2 g5 13.b4 Nf6 14.c5 Ng6 15.cxd6 cxd6 16.Rc1 Rf7
17.a4 b6 18.a5 bxa5 19.bxa5 h5 20.Nb5 g4 21.Rc6 g3 22.hxg3 fxg3 23.Bxg3 Ne8
24.Nd3 Rb8 25.f4 h4 26.Bh2 Rxb5 27.Bh5 Rf6 28.fxe5 Rxf1+ 29.Qxf1 Nh8 30.e6 Bxe6
31.Nf4 Bxd5 32.Nxd5 Rxa5 33.Rc8 Qxc8 34.Ne7+ Kh7 35.Nxc8 Rxh5 36.Nxd6 Ra5
37.e5 Nxd6 38.Qd3+ Ng6 39.exd6 Ra1+ 40.Kf2 Ra2+ 41.Kf3 Bf6 42.d7 Bd8 43.Qb3 Rd2
44.Qf7+ Kh6 45.Bf4+ Bg5 46.Bxg5+ Kxg5 47.Ke3 Rd3+ 48.Ke4  1-0

[Event "NLD-ch"]
[Site "Hilversum"]
[Date "1989.??.??"]
[Round "9"]
[White "Piket, Jeroen"]
[Black "Douven, Rudy C"]
[Result "1-0"]
[WhiteElo "2500"]
[BlackElo "2445"]

1.d4 Nf6 2.c4 g6 3.Nc3 Bg7 4.e4 O-O 5.Be2 d6 6.Nf3 e5 7.O-O Nc6 8.d5 Ne7
9.Ne1 Nd7 10.Be3 f5 11.f3 f4 12.Bf2 g5 13.b4 Nf6 14.c5 Ng6 15.cxd6 cxd6 16.Rc1 Rf7
17.a4 b6 18.a5 bxa5 19.bxa5 Qxa5 20.Nb5 Qd8 21.Qc2 Ne8 22.Nxa7 Bd7 23.Nc6 Qf6
24.Nd3 h5 25.Ra1 Rc8 26.Rfb1 g4 27.Rb8 g3 28.Be1 gxh2+ 29.Kh1 Rxb8 30.Nxb8 Bf8
31.Nxd7 Rxd7 32.Ra8 Ng7 33.Nf2 Qe7 34.Nh3 Rc7 35.Qb1 Rb7 36.Qa2 Qc7 37.Kxh2 Rb8
38.Bf2 Be7 39.Qc4 Qd8 40.Rxb8 Qxb8 41.Qc6 Qe8 42.Bb6 Nf8 43.Bb5 Qg6 44.Bf2 Kh7
45.Qc7 Qf6 46.Ba6 Bd8 47.Qc6 Qe7 48.Bc8 Kg8 49.Ng1 Qc7 50.Ne2 Qb8 51.Nc3 Qb2
52.Nd1 Qb4 53.Be6+ Kh8 54.Qc8 Qa5 55.Bf7 Be7 56.Bh4 Qa7 57.Nc3  1-0

[Event "HUN-ch"]
[Site "?"]
[Date "1989.??.??"]
[Round "?"]
[White "Kallai, Gabor"]
[Black "Hazai, Laszlo"]
[Result "1/2-1/2"]
[WhiteElo "2430"]
[BlackElo "2460"]

1.d4 Nf6 2.c4 g6 3.Nc3 Bg7 4.e4 d6 5.Be2 O-O 6.Nf3 e5 7.O-O Nc6 8.d5 Ne7
9.Ne1 Nd7 10.Nd3 f5 11.Bd2 Nf6 12.f3 f4 13.g4 g5 14.Be1 h5 15.h3 Ng6 16.b4 Rf7
17.Qb3  1/2-1/2

[Event "Illinois"]
[Site "Illinois"]
[Date "1989.??.??"]
[Round "?"]
[White "Chachere, Lawrence"]
[Black "De Fotis, Gregory"]
[Result "1/2-1/2"]
[WhiteElo "2310"]
[BlackElo "2385"]

1.d4 Nf6 2.c4 g6 3.Nc3 Bg7 4.e4 d6 5.Nf3 O-O 6.Be2 e5 7.O-O Nc6 8.d5 Ne7
9.Ne1 c5 10.Nd3 Nd7 11.f3 f5 12.g4 Nf6 13.Bd2 h6 14.h4 a6 15.Nf2 Rb8 16.Rb1 Bd7
17.b4 b6 18.bxc5 bxc5 19.Rxb8 Qxb8 20.Qc2 fxg4 21.fxg4 Qc8 22.Qd1 Qe8 23.Kg2 Nc8
24.Qc1 Kh7 25.Qa3 Qd8 26.Qxa6 Kh8 27.Nb5 Nh7 28.Rh1 Qe7 29.Qa3 Rf7 30.Qg3 Nb6
31.Qb3 Bf6 32.Bxh6 Bxh4 33.Be3 g5 34.Nh3 Kg7 35.Nc3 Nc8 36.Nd1 Nf8 37.Rf1 Ng6
38.Rxf7+ Kxf7 39.a4 Nf4+ 40.Bxf4 exf4 41.Ndf2 Qd8 42.Nd3 Qe8 43.Bf3 Bxa4
44.Qb7+ Kg8 45.e5 dxe5 46.Be4 Qd7 47.Qxd7 Bxd7 48.Nxe5 Nd6 49.Nxd7 Nxe4 50.Ne5 Kg7
51.Kf3 Nd6 52.Ke2 Kf6 53.Nd7+ Ke7 54.Nxc5 Nxc4 55.Ne4 Na3 56.d6+ Kd7 57.Kf3 Nc4
58.Nhxg5  1/2-1/2